Т. 4; Избранные философские произведения

Podrobná bibliografie
Parent link:Избранные философские произведения: В 5-ти томах/ Г. В. Плеханов. Т. 4.— , 1956-1958
Jazyk:ruština
Vydáno: 1958
Témata:
Médium: Kniha
KOHA link:https://koha.lib.tpu.ru/cgi-bin/koha/opac-detail.pl?biblionumber=19575

MARC

LEADER 00000nam2a2200000 4500
001 19575
005 20231101205303.0
035 |a (RuTPU)RU\TPU\book\19742 
035 |a BOOK00004431 
090 |a 19575 
100 |a 20011209d1958 k y0rusy50 ca 
101 0 |a rus 
102 |a RU 
105 |a y z 000zy 
200 0 |a Т. 4 
210 |d 1958 
215 |a 899 с. 
316 |5 63413507: М-133025  |a На титульном листе владельческая подпись: "Бутаков" 
317 |5 63413507: М-133025  |a Поступила в НТБ в 1970 г. в составе книжного собрания профессора ТПИ И. Н. Бутакова 
461 1 |0 (RuTPU)RU\TPU\book\19739  |t Избранные философские произведения  |o В 5-ти томах  |f Г. В. Плеханов  |v Т. 4  |d 1956-1958  |p 847 с. 
606 1 |a Русская философия  |x история  |z 20 в.  |2 stltpush  |3 (RuTPU)RU\TPU\subj\67507  |9 83282 
610 1 |a философия 
610 1 |a 19 век 
610 1 |a 20 век 
610 1 |a общественная мысль 
610 1 |a диалектический материализм 
610 1 |a исторический материализм 
610 1 |a марксизм 
610 1 |a история 
610 1 |a библиотека И. Н. Бутакова 
610 1 |a владельческая надпись 
675 |a 1Ф(с)  |v 3 
686 |a Ю3(2)6  |v LBC/SL-A  |2 rubbk 
801 0 |a RU  |b 63413507  |c 20011209  |g PSBO 
801 2 |a RU  |b 63413507  |c 20190906  |g PSBO 
942 |c BK